00269nam a22000977a 4500008004100000082001600041100003500057245002300092260004800115300000800163230703b xxu||||| |||| 00| 0 eng d a351.04bROK cOffice of the Attorney general aSchedule of Duties aKenyabOffice of the Attorney generalc1995 a79p